000 00569nam a2200205Ia 4500
005 20250326144836.0
008 250326s9999 xx 000 0 und d
020 _a0-324-02840-7
037 _aTextbook
040 _aFMSL
_beng
_cFMSL
041 _aeng
_2eng
084 _aX:51:f P1
_qFMSL
100 _aMcdaniel C
_9737022
245 0 _aMarketing research essentials
_cMcdaniel C; Gates R
250 _a3
260 _aUnited Kingdom
_bUnited Kingdom, South-Western
_c2001
300 _a500p
942 _cTB
_hX:51:f P1
999 _c1305273
_d1305273